|
|
|
|
| LEADER |
00923nam a2200265 a 4500 |
| 001 |
1336 |
| 003 |
BD-DhAAL |
| 005 |
20150314120156.0 |
| 008 |
150314s1994 nyua b 001 0 eng |
| 010 |
|
|
|a 93027419
|
| 020 |
|
|
|a 0070365954 (international ed. : acidfree paper) :
|c $58.00
|
| 040 |
|
|
|a DLC
|c DLC
|d DLC
|d BD-DhAAL
|
| 050 |
0 |
0 |
|a HF5635
|b .M8756 1994
|
| 082 |
0 |
0 |
|a 657/.046
|2 20
|
| 100 |
1 |
|
|a Larsen, E. John.
|9 9309
|
| 245 |
1 |
0 |
|a Modern advanced accounting /
|c E. John Larsen.
|
| 250 |
|
|
|a 6th ed.
|
| 260 |
|
|
|a New York :
|b McGraw-Hill,
|c c1994.
|
| 300 |
|
|
|a xxii, 970 p. :
|b ill. ;
|c 24 cm.
|
| 504 |
|
|
|a Includes bibliographical references and index.
|
| 541 |
|
|
|e 1336
|
| 650 |
|
0 |
|a Accounting.
|9 9559
|
| 942 |
|
|
|2 ddc
|c BK
|
| 999 |
|
|
|c 34015
|d 34015
|
| 952 |
|
|
|0 0
|1 0
|2 ddc
|4 0
|6 657_046000000000000_LAR
|7 0
|9 53084
|a SCL
|b SCL
|c GEN
|d 2015-03-14
|e Gift: The Asia Foundation
|l 0
|o 657.046 LAR
|p 3020001336
|r 2015-03-14
|t 1
|w 2015-03-14
|y BK
|